[Event "XXII Campeonato de España de l"]
[Site "Benidorm (Alicante-España)"]
[Date "2010.11.14"]
[Round "1"]
[White "Garcia Cervigon, Cecilio"]
[Black "Desanjose Candalija, Eduardo"]
[Result "0-1"]
[WhiteElo "1820"]
[BlackElo "2264"]
[PlyCount "52"]
[EventDate "2010.11.14"]
[EventRounds "8"]
[EventCountry "ESP"]

1. d4 Nf6 2. Nf3 d5 3. g3 Bf5 4. Bg2 e6 5. Nbd2 Be7 6. Ne5 O-O 7. Ndf3 c5 8. c3
Nc6 9. O-O Qb6 10. b3 cxd4 11. Nxc6 bxc6 12. cxd4 a5 13. Ne5 Rfc8 14. Bg5 Ra7
15. f3 h6 16. Be3 c5 17. Qd2 cxd4 18. Bxd4 Bc5 19. Bxc5 Qxc5+ 20. e3 Rac7 21.
Rfd1 Ne8 22. Bf1 Nd6 23. g4 Bc2 24. Rac1 Qa3 25. Re1 Qxa2 26. Bd3 Qxb3 0-1

[Event "XXII Campeonato de España de l"]
[Site "Benidorm (Alicante-España)"]
[Date "2010.11.14"]
[Round "1"]
[White "Palacios Perez, Manuel"]
[Black "Lopez Perez, Angel L"]
[Result "1-0"]
[WhiteElo "2178"]
[BlackElo "1818"]
[PlyCount "71"]
[EventDate "2010.11.14"]
[EventRounds "8"]
[EventCountry "ESP"]

1. d4 d5 2. c4 e6 3. Nc3 Nf6 4. Nf3 Nbd7 5. e3 a6 6. a3 dxc4 7. Bxc4 b5 8. Bd3
Bb7 9. b4 Nb6 10. O-O Be7 11. e4 O-O 12. Qc2 h6 13. Bb2 Ne8 14. Rad1 Nd6 15. d5
exd5 16. Nxd5 Bxd5 17. exd5 Ndc4 18. Bd4 Bd6 19. Qc3 Nxd5 20. Qc1 Nf6 21. Bxc4
bxc4 22. Qc3 Ne4 23. Qxc4 Ng5 24. Ne5 Qe7 25. f4 Ne6 26. Bb2 Qe8 27. Rde1 Qb5
28. Qc3 f6 29. Ng6 Rfe8 30. Qb3 Qf5 31. Nh4 Qh5 32. Rxe6 Kh7 33. Qd3+ Kg8 34.
Rxe8+ Rxe8 35. Nf5 Re2 36. Ng3 1-0

[Event "XXII Campeonato de España de l"]
[Site "Benidorm (Alicante-España)"]
[Date "2010.11.14"]
[Round "1"]
[White "Parreño Cueto, Andres"]
[Black "Draghici Flutur, Gavril"]
[Result "0-1"]
[WhiteElo "1816"]
[BlackElo "2152"]
[PlyCount "58"]
[EventDate "2010.11.14"]
[EventRounds "8"]
[EventCountry "ESP"]

1. d4 Nf6 2. c4 b6 3. Nc3 Bb7 4. f3 Nc6 5. e4 e5 6. d5 Nd4 7. Nge2 Bc5 8. Nxd4
Bxd4 9. Bg5 O-O 10. Qd2 c6 11. Ne2 Bc5 12. b4 Bd6 13. Rc1 cxd5 14. exd5 h6 15.
Bh4 Qe7 16. a3 e4 17. Bxf6 Qxf6 18. fxe4 Qh4+ 19. Kd1 Qxe4 20. Nc3 Qh4 21. Bd3
Bf4 22. Qe2 Rfe8 23. Qf1 Bxc1 24. Kxc1 Re5 25. Qf3 Rae8 26. Ne2 b5 27. Rf1 bxc4
28. Bxc4 Re3 29. Qf2 Rc3+ 0-1

[Event "XXII Campeonato de España de l"]
[Site "Benidorm (Alicante-España)"]
[Date "2010.11.14"]
[Round "1"]
[White "Clemente Llamero, Roberto"]
[Black "Fuster Agullo, Juan"]
[Result "1-0"]
[WhiteElo "2141"]
[BlackElo "1799"]
[PlyCount "51"]
[EventDate "2010.11.14"]
[EventRounds "8"]
[EventCountry "ESP"]

1. e4 e6 2. d3 d5 3. Nd2 Nf6 4. Ngf3 Bb4 5. c3 Be7 6. Be2 b6 7. O-O Bb7 8. e5
Nfd7 9. Re1 c5 10. Nf1 Nc6 11. d4 Qc7 12. Bf4 Qc8 13. Rc1 Ba6 14. c4 dxc4 15.
Bxc4 Bxc4 16. Rxc4 Nb4 17. a3 Nd5 18. Bg5 Qd8 19. Bxe7 Qxe7 20. dxc5 Nxc5 21.
b4 Nd7 22. Ne3 Nxe3 23. Rxe3 O-O 24. Rc7 Rfd8 25. Rd3 Nxe5 26. Rxe7 1-0

[Event "XXII Campeonato de España de l"]
[Site "Benidorm (Alicante-España)"]
[Date "2010.11.14"]
[Round "1"]
[White "Garcia Cervigon, Juan Pablo"]
[Black "Aguilar Sevilla, Diego"]
[Result "1-0"]
[WhiteElo "1795"]
[BlackElo "2123"]
[PlyCount "181"]
[EventDate "2010.11.14"]
[EventRounds "8"]
[EventCountry "ESP"]

1. d4 Nf6 2. c4 e6 3. Nc3 Bb4 4. e3 c5 5. Nge2 b6 6. Nf4 Bb7 7. Bd3 Bxc3+ 8.
bxc3 d6 9. O-O O-O 10. f3 e5 11. Nh3 Nc6 12. d5 Na5 13. e4 Ba6 14. Qe2 Qd7 15.
Bg5 Ne8 16. a4 f6 17. Be3 g6 18. f4 exf4 19. Bxf4 Ng7 20. Bh6 Rae8 21. Bxg7
Kxg7 22. Nf4 Rf7 23. Ne6+ Rxe6 24. dxe6 Qxe6 25. Rae1 Bxc4 26. Bxc4 Nxc4 27.
Qf2 Ne5 28. Qd2 c4 29. Qd4 Rc7 30. Re3 Rc5 31. Rd1 Nd3 32. Rf3 Re5 33. Rdf1
Rxe4 34. Rxf6 Rxd4 35. Rxe6 Rf4 36. Rxd6 Rxf1+ 37. Kxf1 Nc5 38. Rd4 Nxa4 39.
Rxc4 Nc5 40. Rb4 Kf6 41. Ke2 Ke5 42. Ke3 h5 43. Rb1 g5 44. Ra1 a6 45. Rf1 b5
46. Rf8 a5 47. Rb8 b4 48. cxb4 axb4 49. Rxb4 Ne6 50. Rb5+ Kf6 51. Ke4 h4 52.
Rb6 Kf7 53. Kf5 Nf4 54. Kxg5 Nxg2 55. Kg4 Ne3+ 56. Kxh4 Nd5 57. Ra6 Nf6 58. Kg5
Nh7+ 59. Kf5 Nf8 60. h4 Kg7 61. Ra7+ Kh6 62. Rf7 Nh7 63. Ra7 Nf8 64. Kg4 Kg6
65. h5+ Kh6 66. Ra6+ Kg7 67. Kf5 Kg8 68. Ra7 Kh8 69. Kg5 Nh7+ 70. Kg6 Nf8+ 71.
Kh6 Kg8 72. Ra8 Kf7 73. Ra7+ Kg8 74. Rg7+ Kh8 75. Rg2 Ne6 76. Re2 Nf8 77. Re7
Kg8 78. Kg5 Nh7+ 79. Kf5 Nf8 80. h6 Nh7 81. Kg6 Nf8+ 82. Kh5 Nh7 83. Rg7+ Kh8
84. Kg6 Nf8+ 85. Kf6 Nh7+ 86. Kf7 Nf6 87. Rg1 Nh5 88. Rg5 Nf4 89. Rf5 Nd3 90.
Kg6 Kg8 91. h7+ 1-0

[Event "XXII Campeonato de España de l"]
[Site "Benidorm (Alicante-España)"]
[Date "2010.11.14"]
[Round "1"]
[White "Fernandez Manrique, Agustin"]
[Black "Martinez Colomar, Alejandro"]
[Result "1-0"]
[WhiteElo "2108"]
[BlackElo "1790"]
[PlyCount "61"]
[EventDate "2010.11.14"]
[EventRounds "8"]
[EventCountry "ESP"]

1. c4 e5 2. Nc3 Nc6 3. Nf3 d6 4. d4 exd4 5. Nxd4 Nge7 6. g3 g6 7. Bg5 Bg7 8.
Nxc6 bxc6 9. Bg2 Bd7 10. O-O O-O 11. Qd2 Rb8 12. Rac1 h6 13. Be3 Rb7 14. Bd4
Bxd4 15. Qxd4 Rxb2 16. Ne4 f5 17. Qxb2 fxe4 18. Bxe4 Nf5 19. Qd2 Kh7 20. Rb1
Qe7 21. Bg2 Qe5 22. Rb7 Qc5 23. Rxc7 Rf7 24. Qb2 Nd4 25. e3 Ne6 26. Rxd7 Rxd7
27. Bh3 Qxc4 28. Qf6 Ng5 29. Bxd7 Qe4 30. f3 Qxe3+ 31. Kg2 1-0

[Event "XXII Campeonato de España de l"]
[Site "Benidorm (Alicante-España)"]
[Date "2010.11.14"]
[Round "1"]
[White "Amores Cano, Victor"]
[Black "Olivera Gutierrez, Albert"]
[Result "0-1"]
[WhiteElo "1777"]
[BlackElo "2073"]
[PlyCount "60"]
[EventDate "2010.11.14"]
[EventRounds "8"]
[EventCountry "ESP"]

1. e4 c5 2. Nc3 a6 3. a4 e6 4. f4 Nc6 5. Bc4 Nge7 6. d3 d5 7. Ba2 b5 8. axb5
axb5 9. Nxb5 Qa5+ 10. Nc3 d4 11. Bd2 dxc3 12. Bxc3 Nb4 13. Ne2 Qb6 14. Bb3 Rxa1
15. Qxa1 Nxd3+ 16. Kf1 Nb4 17. Bc4 Nec6 18. Qa4 Qa7 19. Bb5 Qxa4 20. Bxa4 Bd7
21. Kf2 Nb8 22. Bb3 Bc6 23. Ke3 Nd7 24. Ra1 Nb6 25. Bxb4 cxb4 26. Ra6 Bc5+ 27.
Nd4 O-O 28. Kd3 Rd8 29. c3 bxc3 30. bxc3 Bb5+ 0-1

[Event "XXII Campeonato de España de l"]
[Site "Benidorm (Alicante-España)"]
[Date "2010.11.14"]
[Round "1"]
[White "Garcia Magadan, Ramon"]
[Black "Sanchez Ruiz, Justo"]
[Result "0-1"]
[WhiteElo "2069"]
[BlackElo "1772"]
[PlyCount "68"]
[EventDate "2010.11.14"]
[EventRounds "8"]
[EventCountry "ESP"]

1. e4 d5 2. exd5 Qxd5 3. Nc3 Qa5 4. d4 Nf6 5. Nf3 c6 6. Bc4 Bf5 7. O-O e6 8.
Bd2 Bb4 9. a3 Bxc3 10. Bxc3 Qc7 11. b3 Nbd7 12. Bb2 O-O-O 13. Qe2 Ne4 14. Qe3
Nb6 15. Bd3 Nd5 16. Qe1 Ndf6 17. Ne5 h5 18. c4 Rhe8 19. b4 Nd6 20. Bxf5 exf5
21. f3 Nxc4 22. Qb1 Nxb2 23. Qxb2 Nd5 24. b5 f6 25. Nc4 Ne3 26. Nxe3 Rxe3 27.
bxc6 bxc6 28. Rac1 Rd6 29. Rc5 g6 30. Rfc1 Rd3 31. d5 R3xd5 32. Rxd5 Rxd5 33.
Qxf6 Rd6 34. Qc3 Qb8 {irreproducible} 0-1

[Event "XXII Campeonato de España de l"]
[Site "Benidorm (Alicante-España)"]
[Date "2010.11.14"]
[Round "1"]
[White "Carrazzoni Roman, Carlos"]
[Black "Fernandez Lago, David"]
[Result "0-1"]
[WhiteElo "1769"]
[BlackElo "2008"]
[PlyCount "84"]
[EventDate "2010.11.14"]
[EventRounds "8"]
[EventCountry "ESP"]

1. d4 Nf6 2. Nf3 e6 3. e3 d5 4. Bd3 Be7 5. O-O O-O 6. b3 c5 7. Bb2 Nc6 8. Ne5
cxd4 9. Nxc6 bxc6 10. Bxd4 c5 11. Bb2 Qb6 12. c4 Ba6 13. Na3 Rfd8 14. Qe2 Rac8
15. Rfb1 Bb7 16. Rd1 Qc6 17. Qf3 Rd7 18. Nb5 Ba8 19. Nc3 a6 20. Re1 Rcd8 21.
Rab1 Qc7 22. Qh3 Qa5 23. f3 d4 24. Na4 Qd2 25. Rbd1 Qa5 26. exd4 cxd4 27. Bc1
Bc6 28. Bd2 Bb4 29. Bxb4 Qxb4 30. Nb2 Qa3 31. Re2 Qxa2 32. b4 Qb3 33. b5 axb5
34. cxb5 Bxb5 35. Bxb5 Qxb5 36. Nd3 Rd5 37. Rb2 Qc4 38. Nf4 Rb5 39. Rbd2 Qc3
40. Rd3 Qc4 41. Ne2 e5 42. Rc3 Qxe2 0-1

[Event "XXII Campeonato de España de l"]
[Site "Benidorm (Alicante-España)"]
[Date "2010.11.14"]
[Round "1"]
[White "Zanoletty Garcia, David"]
[Black "Fernandez Cabello, Emilio"]
[Result "1-0"]
[WhiteElo "1998"]
[BlackElo "1758"]
[PlyCount "29"]
[EventDate "2010.11.14"]
[EventRounds "8"]
[EventCountry "ESP"]

1. c4 Nf6 2. Nc3 d6 3. g3 g6 4. Bg2 Bg7 5. Nf3 O-O 6. O-O e5 7. d3 Nbd7 8. Rb1
c6 9. Nd2 Ne8 10. b4 Rb8 11. e3 f5 12. Qc2 Qf6 13. Bb2 Qf7 14. b5 c5 15. Bd5
1-0

[Event "XXII Campeonato de España de l"]
[Site "Benidorm (Alicante-España)"]
[Date "2010.11.14"]
[Round "1"]
[White "Garcia Andrinal, Antonio"]
[Black "Rodriguez Aguilera, Aurelio"]
[Result "0-1"]
[WhiteElo "1757"]
[BlackElo "1982"]
[PlyCount "60"]
[EventDate "2010.11.14"]
[EventRounds "8"]
[EventCountry "ESP"]

1. e4 d5 2. exd5 Qxd5 3. Nc3 Qa5 4. d4 c6 5. Nf3 Bf5 6. Bc4 e6 7. O-O Nf6 8.
Bd2 Qc7 9. Qe2 Be7 10. Bd3 Bxd3 11. Qxd3 Nbd7 12. Ne2 O-O 13. Ng3 Bd6 14. c4
Rad8 15. Bc3 a6 16. Ng5 b5 17. c5 Be7 18. Qc2 h6 19. N5e4 Nxe4 20. Nxe4 Nf6 21.
Nxf6+ Bxf6 22. Rad1 Rd5 23. Rd3 Rfd8 24. Rfd1 R8d7 25. Qe2 Qd8 26. Qe1 Bxd4 27.
Ba5 Qf6 28. Rxd4 Rxd4 29. Rxd4 Qxd4 30. Bc3 Qd1 0-1

[Event "XXII Campeonato de España de l"]
[Site "Benidorm (Alicante-España)"]
[Date "2010.11.14"]
[Round "1"]
[White "Monmeneu Chulia, Vicente Juan"]
[Black "Gamiz Campana, Francisco Javier"]
[Result "1-0"]
[WhiteElo "1962"]
[BlackElo "1742"]
[PlyCount "63"]
[EventDate "2010.11.14"]
[EventRounds "8"]
[EventCountry "ESP"]

1. d4 g6 2. c4 Bg7 3. Nc3 Nf6 4. e4 d6 5. h3 O-O 6. Nf3 e5 7. d5 Nbd7 8. Bg5 h6
9. Be3 a6 10. g4 b6 11. Bd3 Nc5 12. Bc2 a5 13. g5 hxg5 14. Bxg5 Qd7 15. Qd2 Nh5
16. O-O-O Ba6 17. b3 b5 18. cxb5 Bxb5 19. a4 Ba6 20. Be3 Rfb8 21. Bxc5 dxc5 22.
d6 cxd6 23. Qxd6 Qxd6 24. Rxd6 Nf4 25. Nd2 Rc8 26. Nc4 Bxc4 27. bxc4 Bf8 28.
Rd7 Ne6 29. Nd5 Rd8 30. Rxd8 Rxd8 31. Kb2 Rd7 32. Nf6+ 1-0

[Event "XXII Campeonato de España de l"]
[Site "Benidorm (Alicante-España)"]
[Date "2010.11.14"]
[Round "1"]
[White "Redondo Maguregui, Juan Manuel"]
[Black "Mejias Gonzalez, Javier"]
[Result "1-0"]
[WhiteElo "1694"]
[BlackElo "1941"]
[PlyCount "59"]
[EventDate "2010.11.14"]
[EventRounds "8"]
[EventCountry "ESP"]

1. c4 Nf6 2. Nc3 g6 3. g3 Bg7 4. Bg2 c6 5. e4 d6 6. d4 O-O 7. Nge2 Qa5 8. O-O
Na6 9. Rb1 Qb4 10. b3 Qa5 11. a3 e5 12. b4 Qc7 13. d5 cxd5 14. cxd5 Bd7 15. Be3
Ng4 16. Qd2 Nxe3 17. Qxe3 h5 18. Rfc1 Qd8 19. Qd3 Bh6 20. Rc2 Rc8 21. Rbb2 Nc7
22. b5 Na8 23. a4 Qa5 24. Nc1 Bxc1 25. Rxc1 Nb6 26. Ra2 Nxa4 27. Bf1 Rxc3 28.
Rxa4 Qxa4 29. Rxc3 Qa5 30. Qe3 {Tiempo} 1-0

[Event "XXII Campeonato de España de l"]
[Site "Benidorm (Alicante-España)"]
[Date "2010.11.14"]
[Round "1"]
[White "Saez Gabikagogeaskoa, Oscar"]
[Black "Llaneras Henarejos, Miguel"]
[Result "1-0"]
[WhiteElo "1939"]
[BlackElo "1687"]
[PlyCount "99"]
[EventDate "2010.11.14"]
[EventRounds "8"]
[EventCountry "ESP"]

1. e4 g6 2. d4 Bg7 3. Nc3 d6 4. Bg5 a6 5. Qd2 b5 6. f3 Nd7 7. O-O-O c5 8. dxc5
Nxc5 9. Nge2 Bb7 10. Be3 Rc8 11. Kb1 Qa5 12. g4 Nd7 13. Nd4 Ne5 14. Nb3 Qc7 15.
Be2 Nc4 16. Bxc4 Qxc4 17. Na5 Qb4 18. Bd4 Qxd4 19. Qxd4 Bxd4 20. Rxd4 Bc6 21.
a4 bxa4 22. Nxc6 Rxc6 23. Rxa4 Nf6 24. Nd5 Nd7 25. Rxa6 Rxa6 26. Nc7+ Kd8 27.
Nxa6 Ne5 28. Rf1 Kd7 29. Nb4 Rb8 30. c3 Nc4 31. Rd1 Ne5 32. Rf1 Nc4 33. Rf2 f5
34. exf5 gxf5 35. g5 f4 36. h4 Rb5 37. Nd3 e5 38. Re2 Ne3 39. Rd2 Nc4 40. Rh2
Ke6 41. b4 Kf5 42. Ka2 d5 43. Kb3 Nb6 44. h5 e4 45. g6 Nd7 46. gxh7 Rb8 47. Ne1
exf3 48. Nxf3 Kg4 49. Rg2+ Kxf3 50. Rg8 1-0

[Event "XXII Campeonato de España de l"]
[Site "Benidorm (Alicante-España)"]
[Date "2010.11.14"]
[Round "1"]
[White "Garcia Cruz, Francisco"]
[Black "Rousse Mayol, Ricard"]
[Result "0-1"]
[WhiteElo "1686"]
[BlackElo "1907"]
[PlyCount "130"]
[EventDate "2010.11.14"]
[EventRounds "8"]
[EventCountry "ESP"]

1. d4 Nf6 2. c4 g6 3. Nc3 d6 4. Nf3 Bg7 5. Bf4 O-O 6. e3 Bf5 7. Be2 c6 8. h3
Qa5 9. O-O Na6 10. a3 Qd8 11. c5 Nc7 12. cxd6 exd6 13. Rc1 Ncd5 14. Bg3 Nxc3
15. Rxc3 Ne4 16. Rb3 Nxg3 17. fxg3 b6 18. g4 Be6 19. Rc3 c5 20. Rc1 Qe7 21. Qd2
Bd5 22. dxc5 Bxf3 23. cxd6 Qe5 24. Rxf3 Qxb2 25. Rd1 Qxd2 26. Rxd2 Rad8 27. Bb5
Be5 28. d7 f6 29. e4 g5 30. Rfd3 Kf7 31. Kf1 Rh8 32. Bc4+ Ke7 33. Ke2 h5 34.
gxh5 Rxh5 35. g4 Rh4 36. a4 Bc7 37. Bb5 Be5 38. Rc2 Rhh8 39. Kf1 Bd6 40. Kg2
Be5 41. Rcd2 Bf4 42. Rc2 Be5 43. Rc4 Bd6 44. Rdc3 Bc5 45. Rf3 Rhf8 46. Rf5 a6
47. Bc6 Kd6 48. Bb7 Kxd7 49. Bxa6 Kc7 50. Rd5 Rxd5 51. exd5 Kd6 52. Bb5 Kxd5
53. Kf3 Rh8 54. Kg2 Ke5 55. Bd7 Rd8 56. Bf5 Rd2+ 57. Kf3 Kd5 58. Re4 Rd3+ 59.
Kg2 Rd2+ 60. Kf3 Rh2 61. Be6+ Kd6 62. Kg3 Rd2 63. Bf5 Kd5 64. Kf3 Rf2+ 65. Kg3
Rxf5 0-1

[Event "XXII Campeonato de España de l"]
[Site "Benidorm (Alicante-España)"]
[Date "2010.11.14"]
[Round "1"]
[White "Diaz Illescas, Juan Carlos"]
[Black "Suarez Hernandez, Francisco"]
[Result "1-0"]
[WhiteElo "1906"]
[BlackElo "1658"]
[PlyCount "85"]
[EventDate "2010.11.14"]
[EventRounds "8"]
[EventCountry "ESP"]

1. e4 e6 2. d4 c5 3. c3 a6 4. Nf3 b5 5. Bd3 Nc6 6. Be3 cxd4 7. Nxd4 Bb7 8. O-O
Nf6 9. f3 Bc5 10. Qe2 Qb6 11. Nc2 Bxe3+ 12. Nxe3 d5 13. Kh1 dxe4 14. fxe4 Ne5
15. Nd2 Nxd3 16. Qxd3 Rd8 17. Qe2 O-O 18. Nc2 e5 19. Ne1 Rd7 20. Nef3 Rfd8 21.
a4 Ng4 22. axb5 Qxb5 23. Qxb5 axb5 24. Nb3 Re7 25. Nc5 Bc6 26. h3 Nf6 27. Rfe1
Nh5 28. Ra6 Rc8 29. b4 Be8 30. Rd1 Nf6 31. Rdd6 Bd7 32. Ra7 Rd8 33. Nxd7 Rexd7
34. Rdxd7 Nxd7 35. Rb7 Nf6 36. Rxb5 Nxe4 37. c4 f6 38. c5 Rd5 39. Rb7 Nf2+ 40.
Kg1 Nd3 41. c6 Nxb4 42. c7 Rc5 43. Rb8+ 1-0

[Event "XXII Campeonato de España de l"]
[Site "Benidorm (Alicante-España)"]
[Date "2010.11.14"]
[Round "1"]
[White "Gutierrez Garcia, Julio"]
[Black "Gimeno Diaz, Fernando"]
[Result "1/2-1/2"]
[WhiteElo "1654"]
[BlackElo "1900"]
[PlyCount "74"]
[EventDate "2010.11.14"]
[EventRounds "8"]
[EventCountry "ESP"]

1. c4 Nf6 2. Nc3 g6 3. Nf3 Bg7 4. g3 O-O 5. Bg2 d6 6. O-O e5 7. d3 Nc6 8. Rb1
a5 9. a3 h6 10. b4 axb4 11. axb4 Be6 12. b5 Ne7 13. Qb3 Qd7 14. Bb2 Bh3 15. Ra1
Bxg2 16. Kxg2 Qe6 17. e4 Nd7 18. Nd5 Nxd5 19. cxd5 Nc5 20. Qc2 Qd7 21. d4 exd4
22. Bxd4 Rae8 23. Bxg7 Kxg7 24. Qc3+ Kh7 25. e5 b6 26. Rfe1 dxe5 27. Rxe5 Qxb5
28. Qe3 Rxe5 29. Qxe5 Qd7 30. Ra7 Rd8 31. Rxc7 Qxd5 32. Qxd5 Rxd5 33. Rxf7+ Kg8
34. Rf4 Rd6 35. Rb4 Nd3 36. Rb5 Rc6 37. Nd4 Rd6 1/2-1/2

[Event "XXII Campeonato de España de l"]
[Site "Benidorm (Alicante-España)"]
[Date "2010.11.14"]
[Round "1"]
[White "Espadina Solano, Jaime E"]
[Black "Sanz Garcia, Ramon"]
[Result "0-1"]
[WhiteElo "1895"]
[BlackElo "1628"]
[PlyCount "60"]
[EventDate "2010.11.14"]
[EventRounds "8"]
[EventCountry "ESP"]

1. e4 c5 2. Nf3 Nc6 3. d4 cxd4 4. Nxd4 g6 5. c4 Bg7 6. Be3 Nf6 7. f3 O-O 8. Nc3
d6 9. Be2 Bd7 10. O-O Nxd4 11. Bxd4 Bc6 12. Kh1 Nd7 13. Bxg7 Kxg7 14. f4 Qb6
15. Rb1 Nf6 16. Bf3 Kg8 17. b4 Qe3 18. Qb3 Qxf4 19. b5 Bd7 20. e5 Qxe5 21. Rbe1
Qc5 22. Rxe7 Rae8 23. Rxe8 Rxe8 24. Bxb7 Ng4 25. Nd1 Be6 26. h3 Bxc4 27. Qf3
Bxf1 28. Qxf1 Ne5 29. Qe1 Qxb5 30. Bf3 Nxf3 0-1

[Event "XXII Campeonato de España de l"]
[Site "Benidorm (Alicante-España)"]
[Date "2010.11.14"]
[Round "1"]
[White "Martinez Perez, Carlos"]
[Black "Menendez Solar, Jose Carlos"]
[Result "0-1"]
[WhiteElo "1619"]
[BlackElo "1888"]
[PlyCount "56"]
[EventDate "2010.11.14"]
[EventRounds "8"]
[EventCountry "ESP"]

1. e4 c5 2. Nf3 e6 3. Nc3 a6 4. d4 cxd4 5. Nxd4 Qc7 6. Be2 Nf6 7. O-O Bb4 8.
Qd3 O-O 9. a3 Be7 10. f4 d6 11. Qd1 Nc6 12. Be3 Rd8 13. Nf3 d5 14. exd5 Nxd5
15. Nxd5 Rxd5 16. Bd3 Bf6 17. Rb1 b5 18. Qe1 Bb7 19. Qe2 Rad8 20. Rfd1 e5 21.
fxe5 Nxe5 22. Bf4 Qb6+ 23. Kh1 Nxf3 24. gxf3 Bc6 25. c3 Qb7 26. Be4 Rxd1+ 27.
Rxd1 Rxd1+ 28. Qxd1 Bxe4 0-1

[Event "XXII Campeonato de España de l"]
[Site "Benidorm (Alicante-España)"]
[Date "2010.11.14"]
[Round "1"]
[White "Lago Carballo, Carmen"]
[Black "Septien Lopez, Valeriano"]
[Result "1/2-1/2"]
[WhiteElo "1416"]
[BlackElo "1876"]
[PlyCount "40"]
[EventDate "2010.11.14"]
[EventRounds "8"]
[EventCountry "ESP"]

1. e4 d5 2. exd5 Qxd5 3. Nc3 Qd6 4. d4 Nf6 5. Nf3 g6 6. Bc4 a6 7. Bb3 Bg7 8.
Ne5 O-O 9. O-O c5 10. Nc4 Qxd4 11. Nb6 Qxd1 12. Rxd1 Ra7 13. Be3 Nbd7 14. Nxd7
Nxd7 15. Nd5 b6 16. Nxe7+ Kh8 17. Nxc8 Rxc8 18. Bxf7 Rf8 19. Bd5 Nf6 20. Bf3
Rd7 1/2-1/2

[Event "XXII Campeonato de España de l"]
[Site "Benidorm (Alicante-España)"]
[Date "2010.11.14"]
[Round "1"]
[White "Bravo De Los Santos, Francisco"]
[Black "Barroso Vilanova, Daniel"]
[Result "1-0"]
[WhiteElo "1877"]
[BlackElo "1570"]
[PlyCount "55"]
[EventDate "2010.11.14"]
[EventRounds "8"]
[EventCountry "ESP"]

1. e4 e5 2. Nf3 Nc6 3. d4 exd4 4. c3 dxc3 5. Nxc3 Bb4 6. Bc4 Nf6 7. e5 Bxc3+ 8.
bxc3 Qe7 9. O-O Ng4 10. Re1 O-O 11. Qe2 Re8 12. Bg5 Qc5 13. Bf4 d6 14. Rad1 Bd7
15. Rd5 Qa3 16. h3 Ngxe5 17. Bxe5 Nxe5 18. Nxe5 Qxc3 19. Rd3 Qa5 20. Bxf7+ Kh8
21. Bxe8 Rxe8 22. Nf7+ Kg8 23. Re3 Rxe3 24. Qxe3 Kxf7 25. Qe7+ Kg6 26. Re3 Qf5
27. Rg3+ Kh5 28. Rxg7 1-0

[Event "XXII Campeonato de España de l"]
[Site "Benidorm (Alicante-España)"]
[Date "2010.11.15"]
[Round "2"]
[White "Menendez Solar, Jose Carlos"]
[Black "Palacios Perez, Manuel"]
[Result "0-1"]
[WhiteElo "1888"]
[BlackElo "2178"]
[PlyCount "54"]
[EventDate "2010.11.14"]
[EventRounds "8"]
[EventCountry "ESP"]

1. d4 e6 2. c4 Nf6 3. Nc3 Bb4 4. e3 b6 5. Nf3 Bb7 6. Bd3 O-O 7. O-O d5 8. cxd5
exd5 9. a3 Be7 10. b4 Nbd7 11. Qb3 c6 12. a4 a5 13. b5 c5 14. Qd1 Rc8 15. Ne2
c4 16. Bc2 Bb4 17. Ng3 Ne4 18. Nxe4 dxe4 19. Nd2 Qe7 20. Qg4 Nf6 21. Qh4 c3 22.
Nb1 Bd5 23. f3 Qe6 24. fxe4 Nxe4 25. Rf4 f5 26. Na3 g5 27. Rxe4 fxe4 0-1

[Event "XXII Campeonato de España de l"]
[Site "Benidorm (Alicante-España)"]
[Date "2010.11.15"]
[Round "2"]
[White "Draghici Flutur, Gavril"]
[Black "Rubio Mancebon, Pedro Jose"]
[Result "1-0"]
[WhiteElo "2152"]
[BlackElo "1875"]
[PlyCount "75"]
[EventDate "2010.11.14"]
[EventRounds "8"]
[EventCountry "ESP"]

1. e4 c6 2. Nc3 d5 3. Nf3 Bg4 4. h3 Bxf3 5. Qxf3 e6 6. b3 Nf6 7. Bd3 Nbd7 8.
Qg3 dxe4 9. Nxe4 Nxe4 10. Bxe4 Nf6 11. Bf3 Qd6 12. Qxd6 Bxd6 13. Bb2 Ke7 14.
O-O-O Rhd8 15. g4 Bf4 16. Bc3 h6 17. Kb1 Ne8 18. Rhe1 Bg5 19. Bb4+ Nd6 20. d4
Kf8 21. d5 exd5 22. c4 Rac8 23. cxd5 c5 24. Bc3 Re8 25. Be5 Be7 26. Re3 b6 27.
Rde1 Nb7 28. Bxg7+ Kxg7 29. Rxe7 Rxe7 30. Rxe7 Nd6 31. Rd7 Nb5 32. d6 a5 33. a4
Nd4 34. Bd5 Rf8 35. Re7 Kf6 36. f4 Ne6 37. f5 Ke5 38. Bxe6 1-0

[Event "XXII Campeonato de España de l"]
[Site "Benidorm (Alicante-España)"]
[Date "2010.11.15"]
[Round "2"]
[White "Ariste Justo, Jesus Angel"]
[Black "Clemente Llamero, Roberto"]
[Result "1/2-1/2"]
[WhiteElo "1875"]
[BlackElo "2141"]
[PlyCount "93"]
[EventDate "2010.11.14"]
[EventRounds "8"]
[EventCountry "ESP"]

1. d4 d5 2. c4 e6 3. Nf3 Nf6 4. g3 Be7 5. Bg2 O-O 6. O-O c6 7. Qc2 b6 8. Rd1
Nbd7 9. b3 Ba6 10. Bb2 Rc8 11. Nbd2 Qc7 12. Rac1 Qb8 13. e4 Bb7 14. Qd3 c5 15.
cxd5 exd5 16. e5 Ne4 17. Qe2 cxd4 18. Bxd4 Ndc5 19. Nxe4 Nxe4 20. Bb2 Rxc1 21.
Rxc1 Rc8 22. Rxc8+ Qxc8 23. Nd4 Ba6 24. Qe1 Bc5 25. Bxe4 dxe4 26. Qxe4 Bb7 27.
Qe3 Qd8 28. e6 fxe6 29. Qxe6+ Kh8 30. Qe5 h6 31. h3 Qd7 32. Kh2 Qf7 33. Nf5 Bf8
34. Kg1 Kh7 35. Ne3 Kg8 36. Nf5 Qd7 37. Nd4 Bc8 38. g4 Bd6 39. Qd5+ Kh8 40. Qc6
Qd8 41. Qe4 Bf8 42. Qe5 Bb7 43. Qf5 Qd6 44. Qe6 Qd8 45. Qf5 Bc5 46. Qe5 Bf8 47.
Qf5 1/2-1/2

[Event "XXII Campeonato de España de l"]
[Site "Benidorm (Alicante-España)"]
[Date "2010.11.15"]
[Round "2"]
[White "Sanchez Ruiz, Piedad Esmeralda"]
[Black "Fernandez Manrique, Agustin"]
[Result "1/2-1/2"]
[WhiteElo "1861"]
[BlackElo "2108"]
[PlyCount "68"]
[EventDate "2010.11.14"]
[EventRounds "8"]
[EventCountry "ESP"]

1. e4 e6 2. d4 d5 3. exd5 exd5 4. Bd3 Nc6 5. c3 Bd6 6. Qf3 Be6 7. Ne2 Qf6 8.
Qxf6 Nxf6 9. Bf4 O-O-O 10. Nd2 Rhe8 11. Bxd6 Rxd6 12. f3 Ne7 13. g4 Ng6 14.
O-O-O Bd7 15. h4 Re3 16. Bxg6 hxg6 17. Nf4 Bb5 18. Rde1 Rxe1+ 19. Rxe1 Kd8 20.
Re5 c6 21. Re1 Rd7 22. Nh3 Re7 23. Rxe7 Kxe7 24. Kd1 Nd7 25. Ke1 Nf8 26. Nf4 f6
27. Kf2 Kf7 28. Ke3 Nh7 29. Nh3 b6 30. Kf2 Ba6 31. Ke3 Nf8 32. Nf4 Nh7 33. Nh3
Nf8 34. Nf4 Nh7 1/2-1/2

[Event "XXII Campeonato de España de l"]
[Site "Benidorm (Alicante-España)"]
[Date "2010.11.15"]
[Round "2"]
[White "Olivera Gutierrez, Albert"]
[Black "Escalante Ortega, Fernando"]
[Result "0-1"]
[WhiteElo "2073"]
[BlackElo "1875"]
[PlyCount "72"]
[EventDate "2010.11.14"]
[EventRounds "8"]
[EventCountry "ESP"]

1. e4 c5 2. Nc3 Nc6 3. f4 g6 4. Nf3 Bg7 5. Bc4 e6 6. O-O Nge7 7. d3 O-O 8. Qe1
d5 9. Bb3 Rb8 10. a4 a6 11. Qh4 b5 12. axb5 axb5 13. f5 exf5 14. exd5 Nd4 15.
Bg5 f6 16. d6+ Nxb3 17. dxe7 Qxe7 18. Rae1 fxg5 19. Nxg5 Bd4+ 20. Kh1 Bf2 21.
Qxf2 Qxg5 22. cxb3 Bb7 23. Re5 Rbd8 24. Rd1 Rd4 25. Rxc5 Rg4 26. Rg1 Rh4 27.
Qe1 Rxh2+ 28. Kxh2 Qh5+ 29. Kg3 Qg4+ 30. Kf2 Qf4+ 31. Ke2 Re8+ 32. Ne4 Bxe4 33.
Kd1 Bf3+ 34. gxf3 Qxf3+ 35. Kc1 Rxe1+ 36. Rxe1 Kg7 0-1